[Event "BCF-ch Major op"]
[Site "Torquay"]
[Date "2013.08.07"]
[Round "9.88"]
[White "Ledger, Stephen C"]
[Black "Lopez Moreno, Jesus"]
[Result "1/2-1/2"]
[WhiteElo "2075"]
[BlackElo "2081"]
[PlyCount "38"]
[EventDate "2013.07.29"]
[EventType "swiss"]
[EventRounds "11"]
[EventCountry "ENG"]
[SourceTitle "EXT 2023"]
[Source "ChessBase"]
[SourceDate "2022.10.05"]
[SourceVersion "1"]
[SourceVersionDate "2022.10.05"]
[SourceQuality "1"]

1. d4 Nf6 2. Bg5 d5 3. Bxf6 exf6 4. e3 Bd6 5. c4 dxc4 6. Bxc4 0-0 7. Nc3 f5 8. Nf3 c6 9. 0-0 Nd7 10. Qc2 Nf6 11. Rfd1 a6 12. Rac1 g6 13. a3 b5 14. Bd3 Be6 15. Nd2 Qe7 16. g3 Rfe8 17. Ne2 Bd5 18. Nf4 Bxf4 19. exf4 Ng4 1/2-1/2

[Event "BCF-ch Major op"]
[Site "Torquay"]
[Date "2013.08.02"]
[Round "5.61"]
[White "Webster, Richard J"]
[Black "Lopez Moreno, Jesus"]
[Result "0-1"]
[WhiteElo "1952"]
[BlackElo "2081"]
[PlyCount "50"]
[EventDate "2013.07.29"]
[EventType "swiss"]
[EventRounds "11"]
[EventCountry "ENG"]
[SourceTitle "EXT 2023"]
[Source "ChessBase"]
[SourceDate "2022.10.05"]
[SourceVersion "1"]
[SourceVersionDate "2022.10.05"]
[SourceQuality "1"]

1. e4 c5 2. Nf3 d6 3. d4 cxd4 4. Nxd4 Nf6 5. Nc3 a6 6. Be3 e5 7. Nb3 Be6 8. f3 Be7 9. Qd2 0-0 10. 0-0-0 a5 11. Bb5 Na6 12. a4 Nb4 13. Kb1 Rc8 14. Qf2 Nd7 15. Rd2 f5 16. Bxd7 Qxd7 17. Nc5 Rxc5 18. Bxc5 Qc6 19. Bxb4 axb4 20. Nd5 Bxd5 21. exd5 Qxa4 22. b3 Qa3 23. c4 bxc3 24. Ra2 Qxb3+ 25. Ka1 e4 0-1

[Event "BCF-ch Major op"]
[Site "Torquay"]
[Date "2013.07.31"]
[Round "3.58"]
[White "Abbas, Daniel Karim"]
[Black "Lopez Moreno, Jesus"]
[Result "1-0"]
[WhiteElo "1943"]
[BlackElo "2081"]
[PlyCount "67"]
[EventDate "2013.07.29"]
[EventType "swiss"]
[EventRounds "11"]
[EventCountry "ENG"]
[SourceTitle "EXT 2023"]
[Source "ChessBase"]
[SourceDate "2022.10.05"]
[SourceVersion "1"]
[SourceVersionDate "2022.10.05"]
[SourceQuality "1"]

1. e4 c5 2. Nc3 d6 3. f4 Nc6 4. Nf3 g6 5. Bc4 Bg7 6. 0-0 e6 7. d3 Nge7 8. Qe1 Nd4 9. Nxd4 cxd4 10. Ne2 a6 11. Bb3 0-0 12. Kh1 Kh8 13. Ng1 e5 14. fxe5 dxe5 15. Rxf7 Rxf7 16. Bxf7 Bd7 17. Bd2 Qc8 18. Qh4 Qf8 19. Rf1 Nf5 20. exf5 Qxf7 21. f6 Kg8 22. Nh3 Bxh3 23. Qxh3 Rf8 24. Bb4 Re8 25. Qf3 Bh6 26. b3 Re6 27. Be7 Bf8 28. Bxf8 Kxf8 29. g4 Qc7 30. g5 e4 31. Qh3 Qf7 32. dxe4 Rxe4 33. Qc8+ Qe8 34. Qxb7 1-0